• 首页
  • 本馆介绍
  • 公告通知
  • 最新文献
  • 馆藏检索
  • 电子资源
  • 读者导购
  • 参考咨询
  • 我的图书馆
  • 登录
  • 详细信息显示
  • 放入我的书架
  • 预约/预借图书
  • 作者相关作品
  • 分类相关作品
  • 丛书相关作品
  • 出版社相关作品

书目信息

  • 表格格式
  • 工作单格式
  • 卡片格式
题名:
2050人类大迁徙
    
 
作者: 史密斯 著 ;廖月娟 译
分册:  
出版信息: 杭州   浙江人民出版社  2016.03
页数: 286页
开本: 23cm
丛书名:
单 册:
中图分类: P461
科图分类:
主题词: 全球气候变暖--环境影响--人类活动
电子资源:
ISBN: 978-7-213-07180-5
000 01483nam0 2200277 450
001 4203
005 20181010142846.01
010    @a978-7-213-07180-5@dCNY69.90
100    @a20160512d2016 em y0chiy50 ea
101 1  @achi@ceng
102    @aCN@b330000
105    @aa z 000yy
200 1  @a2050人类大迁徙@92050 ren lei da qian xi@b专著@dThe world in 2050: four forces shaping civilization''s northern future@zeng@f(美)劳伦斯·史密斯(Laurence C.Smith)著@g廖月娟译
210    @a杭州@c浙江人民出版社@d2016.03
215    @a286页@c图,照片@d23cm
300    @a湛庐文化
305    @a本书中文简体字版由作者授权在中华人民共和国境内独家出版发行
314    @a劳伦斯·史密斯 (Laurence C.Smith),1996年获康奈尔大学地球与大气科学专业博士。加州大学洛杉矶分校地理学教授和地理系主任,最擅长用计算机模型对宏观趋势进行预测,并数次亲临环北冰洋地区进行实地考察。
330    @a本书作者劳伦斯·史密斯对环北冰洋地区8国进行的最全面而深入的研究,系统展示了我们今天所面临的人口增长、气候变暖、资源短缺等各种严峻挑战,描绘了人类几乎无法抗拒的未来!在翔实数据的基础上,论证严谨缜密,写作手法巧妙,得出的结论令人信服:新出现的气候和经济趋势,将催生一个充满希望的“新北方”。
510 1  @aWorld in 2050: four forces shaping civilization''s northern future@zeng
606 0  @a全球气候变暖@x环境影响@x人类活动
690    @aP461@v5
701  0 @c(美)@a史密斯@9shi mi si@c(Smith, Laurence C. )@4著
702  0 @a廖月娟@9liao yue juan@4译
801  0 @aCN@b91MARC@c20160516
905    @aMuseLib@dP461@e117
    
    2050人类大迁徙=The world in 2050: four forces shaping civilization''s northern future/(美)劳伦斯·史密斯(Laurence C.Smith)著/廖月娟译.-杭州:浙江人民出版社,2016.03
    286页:图,照片;23cm
    湛庐文化
    
    ISBN 978-7-213-07180-5:CNY69.90
    本书作者劳伦斯·史密斯对环北冰洋地区8国进行的最全面而深入的研究,系统展示了我们今天所面临的人口增长、气候变暖、资源短缺等各种严峻挑战,描绘了人类几乎无法抗拒的未来!在翔实数据的基础上,论证严谨缜密,写作手法巧妙,得出的结论令人信服:新出现的气候和经济趋势,将催生一个充满希望的“新北方”。
●
相关链接 在E读中查询图书 在五车中查询图书 在当当中查询图书 在豆瓣中查询图书


正题名:2050人类大迁徙     索取号:P461/117         预约/预借

序号 登录号 条形码 馆藏地/架位号 状态 备注
1 1124026   211240263   第二样本阅览室/ [索取号:P461/117] 在馆    
2 1124027   211240272   资源管理系资料室/ [索取号:P461/117] 在馆    
3 1124028   211240281   第三借阅区/ [索取号:P461/117] 在馆    
4 1124029   211240290   第三借阅区/ [索取号:P461/117] 在馆    
5 1124030   211240307   第三借阅区/ [索取号:P461/117] 在馆    
唐山师范学院图书馆 欢迎您!
大连网信软件有限公司© 版权所有